MARC

LEADER 00000nam0a2200000 4500
001 107875
005 20231101214749.0
035 |a (RuTPU)RU\TPU\book\116465 
090 |a 107875 
100 |a 20070109d1977 m y0rusy50 ca 
101 0 |a rus 
102 |a RU 
105 |a a j 001zy 
200 1 |a Автоматизация анализа биомедицинской информации  |e учебное пособие  |f Ленинградский электротехнический институт (ЛЭТИ) ; под ред. Е. П. Попечителева 
210 |a Ленинград  |c Изд-во Ленинградского электротехнического института  |d 1977 
215 |a 87 с.  |c ил. 
320 |a Библиография в конце работ. 
606 1 |a Медицинская информатика  |2 stltpush  |3 (RuTPU)RU\TPU\subj\52452  |9 70885 
610 1 |a автоматизация 
610 1 |a анализ 
610 1 |a биомедицинская информация 
610 1 |a учебные пособия 
675 |a 612  |v 3 
675 |a 61:004  |v 3 
702 1 |a Попечителев  |b Е. П.  |4 340 
712 0 2 |a Ленинградский электротехнический институт (ЛЭТИ)  |2 stltpush  |3 (RuTPU)RU\TPU\col\289 
801 1 |a RU  |b 63413507  |c 20070109  |g PSBO 
801 2 |a RU  |b 63413507  |c 20221007  |g RCR 
942 |c BK